000 00693 a2200169 4500
003 Nust
005 20170207153113.0
040 _cNust
082 _a358.3096491
100 _aRiza , Shaukat
245 _aThe Pakistan Army
_b1966-71
_cMaj .Gen (R) Shaukat Riza
260 _aLahore
_bArmy Education Press
300 _a232,p.;
505 _aThe Road to Secession (Page-1) The Pakistan Army-December 1970(Page-59) Military Action (Page-73) Search and Destroy (Page-101) Prelude to War (Page-119) The War in East Pakistan (Page-133) The War in West Pakistan (page-165) In the Winter of Our Discontent (page-211) Epilogue (Page-213)
538 _aAlmirah No.54 Shelf No.5
650 _aPakistan Army
942 _2ddc
_cBK
999 _c179177
_d179177